Entry Personal Name
Number of records used in: 1
001 - CONTROL NUMBER
003 - CONTROL NUMBER IDENTIFIER
005 - DATE AND TIME OF LATEST TRANSACTION
- control field:
20221115111202.0
008 - FIXED-LENGTH DATA ELEMENTS
- fixed length control field:
821215n| azannaab |n aaa
010 ## - LIBRARY OF CONGRESS CONTROL NUMBER
- LC control number:
n 82162575
040 ## - CATALOGING SOURCE
- Original cataloging agency:
DLC
- Language of cataloging:
eng
- Description conventions:
rda
- Transcribing agency:
DLC
- Modifying agency:
DLC
046 ## - SPECIAL CODED DATES
100 1# - HEADING--PERSONAL NAME
- Personal name:
Stallings, William
373 ## - ASSOCIATED GROUP
- Associated group:
Massachusetts Institute of Technology
- Source of term:
naf
- End period:
1971
378 ## - FULLER FORM OF PERSONAL NAME
- Fuller form of personal name:
William Walter
670 ## - SOURCE DATA FOUND
- Source citation:
SNMP, SNMPv2, RMON, c1996:
- Information found:
CIP t.p. (William Stallings) data sheet (b. July 27, 1945)
670 ## - SOURCE DATA FOUND
- Source citation:
Derfler, F.J. A manager's guide to local networks, c1983 (a.e.)
- Information found:
CIP t.p. (William Stallings) CIP data (Ph. D., M.I.T., 1971; senior data com. consultant at Honeywell, Inc.)
670 ## - SOURCE DATA FOUND
- Source citation:
Massachusetts Institute of Technology Web OPAC, Apr. 6, 2005
- Information found:
(Stallings, William Walter--Computer analysis of printed Chinese characters [Massachusetts Institute of Technology. Dept. of Electrical Engineering. Thesis. 1971. Ph.D.])